La buena fe en el derecho romano. Extensión del deber de actuar conforme a buena fe en materia contractual

Saved in:
Bibliografiske detaljer
Hovedforfatter: Neme Villarreal, Martha Lucía (autora)
Format: Bog
Udgivet: Bogotá: Colombia: Universidad Externado de Colombia, 2010.
Udgivelse:Primera edición.
Serier:Roma e America Diritto Romano Comune. Monografie
Fag:
Tags: Tilføj Tag
Ingen Tags, Vær først til at tagge denne postø!

MARC

LEADER 00000nam a22000007a 4500
003 CL-VaPUC
005 20220822114609.0
008 220712t2010 ||||| |||| 00| 0 eng d
999 |c 436922  |d 436920 
020 |a 978-958-710-574-2 
040 |c Pontificia Universidad Católica de Valparaíso 
082 7 |a 340.54 NEM 2010  |2 22 
100 1 |a Neme Villarreal, Martha Lucía  |e autora  |9 872683 
245 |a La buena fe en el derecho romano.  |b  Extensión del deber de actuar conforme a buena fe en materia contractual 
250 |a Primera edición. 
260 |a Bogotá: Colombia:  |b Universidad Externado de Colombia,   |c 2010. 
300 |a 416 páginas. 
490 |a Roma e America Diritto Romano Comune.   |a Monografie   |n  3. 
500 |a c.1 Donación Familia Prof. Alejandro Guzmán Brito. 
583 |c 20220712  |k Catalogador Asistente 
650 |a Derecho romano  |9 255930 
650 0 |a Buena fe  |x Derecho romano  |9 872715 
942 |2 ddc  |c BK  |n 0 
952 |0 0  |1 0  |2 ddc  |4 0  |6 340_540000000000000_NEM_2010  |7 0  |8 C_AGB  |9 584652  |a BIBDER  |b BIBDER  |d 2022-07-12  |e Donación  |i 5652796  |l 3  |o 340.54 NEM 2010  |p 5652796  |r 2023-08-25  |s 2023-08-25  |t 1  |w 2022-07-12  |y BK_US  |k AGB